000
00308pam a2200121a 44500
008
230405s2017 xxu||||| |||| 00| 0 eng d
041
_a
ENG
100
_a
Takwale & Puranik
245
_a
Introduction to Classical Mechanics
260
_a
New Delhi
_b
McGraw Hill Edu.
_c
2017
300
_a
424
906
_a
19116
999
_c
309614
_d
309614